| 000 | 00648nam a22001937a 4500 | ||
|---|---|---|---|
| 003 | OSt | ||
| 005 | 20140310183043.0 | ||
| 008 | 130223t xxu||||| |||| 00| 0 eng d | ||
| 050 |
_aHM 51 _b.Ab141 2006 |
||
| 082 |
_aFIL 301 _bAb3 2006 |
||
| 245 |
_aSociology with introduction to anthropology in global perspective (a comprehensive textbook in sociology and basic anthropology) : a guidebook in society and culture. _cAbelos, Alex V. |
||
| 260 |
_aManila _bEducational Publishing House _c2006 |
||
| 300 |
_a357 p. _c26 cm |
||
| 521 | _aCollege Students | ||
| 526 | _c1210L-1700L | ||
| 541 | _j1 | ||
| 562 | _e2 | ||
| 942 |
_2lcc _cBK _kFIL |
||
| 999 |
_c18554 _d18554 |
||